Even More Pop Culture Christmas Sweaters Quiz Stats

 Plays Quiz Updated Dec 16, 2018

Support Sporcle.
Go Orange.
Score 0/20 Timer 08:00
0 Plays Today
% Correct
Peanuts
99.1%
Ghostbusters
93.9%
South Park
93.1%
The Beatles (Abbey Road)
90.1%
The Nightmare Before Christmas
88%
Kanye West
79.7%
The X-Files
74.5%
Guardians of the Galaxy
73.2%
Iron Man
72.6%
The Shining
71.4%
% Correct
Bob's Burgers
71.4%
Saved by the Bell
61.8%
Rick and Morty
59.5%
Stranger Things
58.9%
Kim Kardashian (or Grace Jones)
58.5%
Back to the Future
53.3%
Halo
50.8%
Dragon Ball Z
48.5%
Friends
42.7%
Fallout
42.3%

From the Vault

Video Game Parasites

by Ellix

Gaming 7m
These characters really kinda suck.
Remove Ads.
Support Sporcle.
Get the best of Sporcle when you Go Orange. This ad-free experience offers more features, more stats, and more fun while also helping to support Sporcle. Thank you for becoming a member.

Show Comments

Extras

Top Quizzes Today


Score Distribution

Your Account Isn't Verified!

In order to create a playlist on Sporcle, you need to verify the email address you used during registration. Go to your Sporcle Settings to finish the process.

Report this User

Report this user for behavior that violates our Community Guidelines.

Details: